Ceny a výhry z daňového hľadiska
Podmienky pre oslobodenie od dane pre prijaté ceny a výhry fyzických osôb. Ceny a výhry ako zdaniteľné príjmy. Spôsob zdanenia cien a výhier. Ceny a výhry od zamestnávateľa. Medzinárodné zdanenie cien a výhier. Ceny a výhry ako daňové výdavky. Príklady z praxe.
Na minha lista:
| Autor principal: | |
|---|---|
| Formato: | Capítulo de Livro |
| Idioma: | eslovaco |
| Assuntos: | |
| Tags: |
Sem tags, seja o primeiro a adicionar uma tag!
|
MARC
| LEADER | 00000naa a2200000 4500 | ||
|---|---|---|---|
| 001 | 0221611 | ||
| 005 | 20231109105827.8 | ||
| 041 | 0 | |a slo | |
| 044 | |a SK | ||
| 245 | 1 | 0 | |a Ceny a výhry z daňového hľadiska |c Martina Oravcová |
| 520 | |a Podmienky pre oslobodenie od dane pre prijaté ceny a výhry fyzických osôb. Ceny a výhry ako zdaniteľné príjmy. Spôsob zdanenia cien a výhier. Ceny a výhry od zamestnávateľa. Medzinárodné zdanenie cien a výhier. Ceny a výhry ako daňové výdavky. Príklady z praxe. | ||
| 610 | 2 | 0 | |a dane z príjmov |
| 610 | 2 | 0 | |a zdaňovanie |
| 610 | 2 | 0 | |a výdavky daňové |
| 610 | 2 | 0 | |a oslobodenie od daní |
| 610 | 2 | 0 | |a ceny |
| 610 | 2 | 0 | |a lotérie |
| 610 | 2 | 0 | |a osoby fyzické |
| 610 | 2 | 0 | |a osoby právnické |
| 610 | 2 | 0 | |a legislatíva |
| 100 | 1 | |a Oravcová, Martina | |